|
|
|
|
| LEADER |
01032nam a2200373 4500 |
| 001 |
DLU080000030 |
| 005 |
##20120525 |
| 040 |
# |
# |
|a DLU
|b vie
|
| 041 |
# |
# |
|a vie
|
| 044 |
# |
# |
|a vn
|
| 082 |
# |
# |
|a 495.922 5
|b Ngu
|
| 245 |
# |
# |
|a Ngữ pháp chức năng tiếng Việt.
|n t.I,
|p Câu trong tiếng Việt : Cấu trúc - Nghĩa - Công dụng /
|c Cao Xuân Hạo chủ biên, ... [et al.].
|
| 250 |
# |
# |
|a Tái bản lần thứ sáu.
|
| 260 |
# |
# |
|a H. :
|b Giáo dục,
|c 2007.
|
| 300 |
# |
# |
|a 143 tr. ;
|c 21 cm.
|
| 504 |
# |
# |
|a Tài liệu tham khảo: tr.139.
|
| 650 |
# |
# |
|a Tiếng Việt
|x Ngữ pháp.
|
| 700 |
# |
# |
|a Bùi Tất Tươm.
|
| 700 |
# |
# |
|a Cao Xuân Hạo,
|e chủ biên.
|
| 700 |
# |
# |
|a Hoàng Xuân Tâm.
|
| 700 |
# |
# |
|a Nguyễn Văn Bằng.
|
| 923 |
# |
# |
|a 01/2008
|
| 990 |
# |
# |
|a t.I
|
| 991 |
# |
# |
|a GT
|
| 992 |
# |
# |
|a 11500
|
| 993 |
# |
# |
|a 2007
|
| 994 |
# |
# |
|a DLU
|
| 900 |
# |
# |
|a True
|
| 911 |
# |
# |
|a Đào Thị Thu Huyền
|
| 925 |
# |
# |
|a G
|
| 926 |
# |
# |
|a A
|
| 927 |
# |
# |
|a SH
|
| 980 |
# |
# |
|a Thư viện Trường Đại học Đà Lạt
|